Nové slovenské technické normy

Bibliographic Details
Main Author: Bílý, Matej (Author)
Format: Article
Language:Slovak

MARC

LEADER 00000nab a2200000 a 4500
001 vtls011117186
003 SK-MaSNL
005 20260304030143.0
008 250310|2003 xo |||||||||||||||||slo|
015 |a SNBRB 
035 |a (uuid)ab75d568-fce5-4225-9109-ac04cd85f2b2 
035 |a (urnnbn)urn:nbn:sk:snk:ar-a08lgn 
035 |a urn:nbn:sk:snk-ab9nlt 
040 |a SNKBUCL  |b slo  |c SNKBUCL  |e AACR2 
041 0 |a slo 
044 |a xo  |c SK 
100 1 |a Bílý, Matej  |4 aut  |9 274721 
245 1 0 |a Nové slovenské technické normy  |c Matej Bílý 
773 0 |t Kvalita : odborný časopis Slovenskej spoločnosti pre kvalitu  |g Roč. 11, č. 1 (2003), s. 43-45 
958 |a OND 
958 |a EUIPO 
958 |a article13 
999 |c 2631978  |d 2633908